Epidémiologie causale (Record no. 49710)
[ view plain ]
| 000 -LEADER | |
|---|---|
| fixed length control field | 00496nam a22001577a 4500 |
| 008 - FIXED-LENGTH DATA ELEMENTS--GENERAL INFORMATION | |
| fixed length control field | 110916t xxu||||| |||| 00| 0 eng d |
| 020 ## - INTERNATIONAL STANDARD BOOK NUMBER | |
| International Standard Book Number | 2-88049-097-9 |
| 040 ## - CATALOGING SOURCE | |
| Original cataloging agency | BUAC |
| Transcribing agency | CDIRSP |
| 041 ## - LANGUAGE CODE | |
| Language code of text/sound track or separate title | Fr |
| 100 ## - MAIN ENTRY--PERSONAL NAME | |
| Personal name | MORABIA, Alfred |
| 9 (RLIN) | 18663 |
| 245 ## - TITLE STATEMENT | |
| Title | Epidémiologie causale |
| Remainder of title | : principes, exemples, théorie |
| 260 ## - PUBLICATION, DISTRIBUTION, ETC. (IMPRINT) | |
| Place of publication, distribution, etc | Genève : |
| Name of publisher, distributor, etc | Editions Médecine et Hygiène |
| Date of publication, distribution, etc | 1996 |
| 300 ## - PHYSICAL DESCRIPTION | |
| Extent | 174 p. |
| 653 ## - INDEX TERM--UNCONTROLLED | |
| Uncontrolled term | Epidémiologie causale |
| -- | Cause à effet |
| -- | Principes, exemples, théories |
| 942 ## - ADDED ENTRY ELEMENTS (KOHA) | |
| Item type | Livre |
| Withdrawn status | Lost status | Damaged status | Not for loan | Location (home branch) | Sublocation or collection (holding branch) | Date acquired | Source of acquisition | Koha issues (times borrowed) | Koha full call number | Piece designation (barcode) | Koha date last seen | Copy number | Price effective from | Koha item type |
|---|---|---|---|---|---|---|---|---|---|---|---|---|---|---|
| Centre de Documentation et d'Information de l'Institut Regional Santé Publique | Centre de Documentation et d'Information de l'Institut Regional Santé Publique | 16/09/2011 | Achat | WA 125 MOR | 4074CDIRSP | 16/09/2011 | 1 | 16/09/2011 | Livre | |||||
| Centre de Documentation et d'Information de l'Institut Regional Santé Publique | Centre de Documentation et d'Information de l'Institut Regional Santé Publique | 16/09/2011 | Achat | WA 125 MOR | 4674CDIRSP | 16/09/2011 | 1 | 16/09/2011 | Livre | |||||
| Centre de Documentation et d'Information de l'Institut Regional Santé Publique | Centre de Documentation et d'Information de l'Institut Regional Santé Publique | 16/09/2011 | Achat | WA 125 MOR | 4675CDIRSP | 16/09/2011 | 1 | 16/09/2011 | Livre exclu du prêt |